Quiz o województwie małopolskim - Statystyki

Ogólne statystyki
  • Ten quiz został rozwiązany 197 razy
    55 od ostatniego zresetowania
  • Średni wynik to 12 z 16
Statystyki odpowiedzi
Wskazówka Odpowiedź % Poprawnych
Siedziba rządów Kraków
100%
Państwo graniczące Słowacja
98%
Województwa graniczące (są trzy, więc wystarczy żebyś wpisał/a jeden) podkarpackie | świętokrzyskie | śląskie
96%
Miasto, w którym znajduje się najbardziej znana kopalnia soli Wieliczka
94%
Pasmo górskie, w którym leży powyższe Tatry
91%
Najbardziej ruchliwa droga biegnąca przez województwo małopolskie A4
85%
Największy park rozrywki w kraju Energylandia
85%
Maczuga, zbudowana z twardych wapieni skalistych maczuga skalna znajdująca się w Sułoszowej Maczuga {Herkulesa}
85%
Miasto, w którym leży powyższe Zator
83%
Najwyższa góra Rysy
81%
Klub sportowy który posiada przydomek "Biała Gwiazda" Wisła Kraków
81%
Masyw górski położony w Paśmie Babiogórskim należącym do Beskidu Żywieckiego w Beskidach Zachodnich położony na wysokości 1724 m n.p.m. Babia Góra
53%
Wynalazca powyższego Ignacy Łukasiewicz
51%
Największa mniejszość narodowa Słowacy
47%
W tym mieście była pierwsza latarnia z lampą naftową Gorlice
34%
polski park narodowy utworzony w 1954 roku naterenie ówczesnego województwa krakowskiego {Babiogórski} Park Narodowy
30%
Nie znaleziono quizów pasujących do podanych kryteriów
Rozkład punktacji
Procent ludzi z każdym wynikiem
Percentyl według liczby udzielonych odpowiedzi
Twoja historia wyników
Nie rozwiązałeś tego quizu od ostatniego zresetowania